| 000 | 00484nam a22001577a 4500 | ||
|---|---|---|---|
| 005 | 20251108164648.0 | ||
| 008 | 250721s1993 xx 000 0 ara d | ||
| 082 | 1 | 4 | _a616.12/حسي |
| 100 | 1 | _aالحسيني، أيمن | |
| 245 | 1 | 0 |
_aحكاية مرض أسمه الذبحة الصدرية : _bطرق الوقاية / |
| 264 | 1 |
_aالقاهرة : _bمكتبة ابن سينا، _c1993. |
|
| 300 | _a62ص | ||
| 650 | 1 | 7 | _aأمراض القلب |
| 942 |
_2ddc _cBK |
||
| 999 |
_c11207 _d11207 |
||